000 00486nam a2200181Ia 4500
001 21276
005 20260306172907.0
008 260306t2019||||xx |||||||||||||| ||spa||
041 _aESP
082 _a344.522
_bF84
100 _aFrisancho Aparicio, Manuel
_eAUT
245 0 _aEl delito de abuso y explotación sexual de menores:
_bcomentarios a la Ley 30963
260 _c2019
300 _a510 pƔginas :
_c25 cm.
650 _aGEN
654 _aCDE
942 _cLIB
_dJUS
_fJUS
_2ddc
_n
999 _c21276
_d21276